zpět

Detail výsledku týmu

Chicago Bar & Grill ČT, Liberec

Datum a čas kvízu

27 Celkem bodů Celkový počet nahraných bodů na tomto kvízu bez doplňovacích otázek.
6. Pořadí na kvízu Konečné umístění týmu na tomto kvízu.

Zaznamenané odpovědi

# Otázka Odpověď Body Výsledky
1. Česká vláda ve středu přijala... anticikanismus 0
2. V pondělí večer došlo k úplném... přes Severní Ameriku 1
3. Ve zprávách se minulý týden ob... Čečensko 0
4. Andrej Babiš se na sociálních... Věra Jourová 1
5. V prvním přípravném zápase pře... Německo, David Tomášek 0
6. V pěti otázkách tohoto tématu... halit 0
7. Jaká je denní dávka kuchyňské... B 1
8. Kala namak je zvláštním druhem... A) černá 1
9. Jak zní obchodní název takzvan... Praganda 0
10. Chcete-li si užít blahodárného... D) Bad Ischl 1